00558nam a2200181Ia 4500008004100000020001800041082002000059100002400079245006000103250000600163260003900169300001000208500002400218650001000242942000700252952010000259999001700359230524s9999 xx 000 0 und d a9788189866464 a363.340954bSIN aJagbir Singh942913 0aDisaster Management Future Challenges and Opportunities a1 aNew DelhibI.K.Internationalc2007 a351p; aQuantity Number: 1 aCivil cBK 00104070aTATCLbTATCLcGENd2023-05-24l0o363.340954 SINp54174r2023-05-24w2023-05-24yBK c57881d57881